EToH - Chronological Area Releases - Statistics

General Stats
  • This quiz has been taken 98 times
    60 since last reset
  • The average score is 20 of 29
Answer Stats
Year Answer % Correct
2018 Ring 1
100%
2018 Ring 2
100%
2018 Ring 3
100%
2019 Ring 4
100%
2019 Ring 5
100%
2019 Ring 6
100%
2020 Ring 7
94%
2019 Zone 1
94%
2019 Zone 2
94%
2020 Zone 3
94%
2020 Arcane Area
89%
2020 Ring 8
89%
2021 Zone 4
89%
2021 Forgotten Ridge
83%
2021 Ring 9
83%
2021 Zone 5
67%
2021 Paradise Atoll
56%
2022 Garden of Eeshöl
50%
2022 Zone 6
50%
2022 Zone 7
50%
2024 Ashen Towerworks
44%
2022 Lost River
44%
2023 Silent Abyss
44%
2023 Zone 8
44%
2026 Steelspire Horizon
39%
2025 Zone 10
39%
2024 Zone 9
39%
2025 The Starlit Archives
33%
2025 Purgatorio
22%
No matching quizzes found
Score Distribution
Percent of People with Each Score
Percentile by Number Answered
Your Score History
You have not taken this quiz since the last reset